|
|
|
|
| LEADER |
00000nab a2200000 a 4500 |
| 001 |
vtls000783330 |
| 003 |
SK-MaSNL |
| 005 |
20260304133200.0 |
| 008 |
250429c2002 xo 0 slo |
| 015 |
|
|
|a SNBRB2002/02-05984
|
| 035 |
|
|
|a CLN000135040
|
| 035 |
|
|
|a urn:nbn:sk:snk-abagrt
|
| 035 |
|
|
|a (urnnbn)urn:nbn:sk:snk:ar-a0an32
|
| 035 |
|
|
|a (uuid)9ae40a68-41d6-4c4b-a36c-4724bed6ca79
|
| 040 |
|
|
|a SNKBUCL
|b slo
|c SNKBUCL
|e AACR2
|
| 041 |
0 |
|
|a slo
|
| 044 |
|
|
|a xo
|c SK
|
| 080 |
|
|
|a 331.823:006.88:061.3
|2 1997
|
| 080 |
|
|
|a 006.88
|2 1997
|
| 100 |
1 |
|
|a Gurecka, Andrej
|4 aut
|9 1392105
|
| 245 |
1 |
0 |
|a Normovanie, skúšobníctvo, certifikácia - príspevok k bezpečnosti práce
|c Andrej Gurecka
|
| 650 |
0 |
7 |
|a bezpečnosť práce
|x ochrana zdravia pri práci
|x normovanie
|x skúšobníctvo
|x certifikácia
|x konferencie
|x 2001
|2 snkbucl
|9 1449871
|
| 650 |
0 |
7 |
|a ochrana zdravia pri práci
|2 snkbucl
|9 284118
|
| 655 |
|
7 |
|a články z novín a časopisov
|2 snkbucl
|9 267496
|
| 773 |
0 |
|
|t Bezpečná práca
|g Roč. 33, č. 1 (2002), s. 33-34
|x 0322-8347
|
| 850 |
|
|
|a Slovenská národná knižnica
|
| 852 |
|
|
|a Slovenská národná knižnica
|
| 954 |
|
|
|a odborná, vedecká literatúra pôvodná (slovenská)
|2 lita
|
| 958 |
|
|
|a article14
|
| 958 |
|
|
|a OND
|
| 958 |
|
|
|a EUIPO
|
| 992 |
|
|
|a RBX
|
| 999 |
|
|
|c 2900416
|d 2902346
|